Minecraft Ores - Statistics

General Stats
  • This quiz has been taken 49 times
  • The average score is 12 of 19
Answer Stats
Hint Answer % Correct
2009 Coal
100%
2010 Diamond
100%
2009 Gold
100%
2009 Iron
100%
2011 Redstone
95%
2020 Copper
93%
2011 Emerald
90%
2012 Lapis Lazuli
86%
2020 Ancient Debris
62%
2020 Nether Gold
55%
2013 Nether Quartz
48%
2021 Deepslate Diamond
43%
2021 Deepslate Gold
40%
2021 Deepslate Coal
38%
2021 Deepslate Emerald
38%
2021 Deepslate Iron
38%
2021 Deepslate Lapis Lazuli
38%
2021 Deepslate Redstone
38%
2021 Deepslate Copper
36%
No matching quizzes found
Score Distribution
Percent of People with Each Score
Percentile by Number Answered
Your Score History
You have not taken this quiz